000 00750nam a2200181 a 4500
008 120416s1973 ||||||||||||||||| || u
050 _aTA 405 Feo
100 _aFeodosyev, Vsevolod Ivanovich
245 1 0 _aStrength of materials: (2nd ed.)
_ctranslated from the Russian by M. Konyaeva
250 _a2nd ed.
260 _aMoscow:
_bMir
_c1973
300 _a608p. : ill
350 _a0.00
650 0 _aSTRENGTH OF MATERIALS
650 0 _aMATERIALS
995 _aBINDERY (DAMAGED)
_D0.00
_e716822
_FCBU-MAIN LIBRARY (Kitwe)
_H1
_I2.00
_jTA 405 Feo
_M1
_UDAMAGED
_y014814
_ZMain Library Open Access Collection
995 _aBINDERY (DAMAGED)
_D0.00
_e717240
_FCBU-MAIN LIBRARY (Kitwe)
_H2
_I2.00
_jTA 405 Feo
_M2
_UDAMAGED
_y014815
_ZMain Library Open Access Collection
999 _c76887
_d76887